000 00775nam a2200205 i 4500
001 30438
003 ES-MaACL
005 20250809022212.0
007 t|
008 030124s1963 sp ||||1| spa d
100 1 _aBarthe Porcel, Julio.
_926112
245 1 4 _aLas Siete Partidas y el vigente Código civil del Estado norte-americano de Luisiana /
_cJulio Barthe Porcel.
260 _aMurcia :
_b[s.n.,
_c1963?] (
_fSucs. de Nogues)
300 _ap. 188-197 ;
_c25 cm.
500 _aEs separata de: Anales de la Universidad de Murcia. Vol.XXI, nº 3-4. Facultad de derecho, curso 1962-63.
650 7 _aDerecho-
_zEspaña-
_vFuentes
_2
_9155630
650 4 _aDerecho civil-
_zLuisiana.
_9158834
852 _aES-MaACL
_j2047-F-2
_bR.53480
999 _c30438
_d30438